000
00243nam a2200109Ia 4500
999
_c
8984
_d
8984
020
_a
9788179920855
100
_a
Ramkishen Y
245
0
_a
New Perspective on Rural Marketing
260
_a
New York
_b
Addison
_c
1996
300
_a
984
942
_c
BK